• 首页
  • 本馆介绍
  • 公告通知
  • 最新文献
  • 馆藏检索
  • 电子资源
  • 读者导购
  • 参考咨询
  • 我的图书馆
  • 登录
  • 详细信息显示
  • 放入我的书架
  • 预约/预借图书
  • 作者相关作品
  • 分类相关作品
  • 丛书相关作品
  • 出版社相关作品

书目信息

  • 表格格式
  • 工作单格式
  • 卡片格式
题名:
软件应用DIM Excel 2000制表秀
    
 
作者: 吴文虎 主编
分册:  
出版信息: 北京   电子工业出版社  2001.04
页数: 203页
开本: 小16开
丛书名:
单 册:
中图分类: TP391.13
科图分类:
主题词: 计算机应用
电子资源:
ISBN: 7-5053-6595-9
000 00592nam0 2200193 45
001 0206131022
005 20020613105023.7
010    @a7-5053-6595-9@d19.00元
100    @a20020613d2001 km y0chiy0120 ea
101 0  @achi
105    @a z 000yy
200 1  @a软件应用DIM Excel 2000制表秀@ARuan Jian Ying Yong DIM Excel 2000 Zhi Biao Xiu@f吴文虎主编@FWu Wen Hu Zhu Bian
210    @a北京@c电子工业出版社@d2001.04
215    @a203页@d小16开
606 0  @a计算机应用
690    @aTP391.13@v3
701  0 @a吴文虎@4主编
801    @aCN@bPftUser@c20020613
905    @aBZT@b340449-453@dTP391.13@e1@f5
    
    软件应用DIM Excel 2000制表秀/吴文虎主编.-北京:电子工业出版社,2001.04
    203页;小16开
    
    
    ISBN 7-5053-6595-9:19.00元
    
●
相关链接 在五车中查询图书 在当当中查询图书 在豆瓣中查询图书


正题名:软件应用DIM Excel 2000制表秀     索取号:TP391.13/1         预约/预借

序号 登录号 条形码 馆藏地/架位号 状态 备注
1 340450   201166969   中心书库中库/ 中库027架A面8列1层26/ [索取号:TP391.13/1] 在馆    
2 340451   201166996   中心书库中库/ 中库027架A面8列1层27/ [索取号:TP391.13/1] 在馆    
3 340452   201166987   教材工具书阅览室/工1架A面1层2列/ [索取号:TP391.13/1] 在馆    
4 340453   201167012   中心书库中库/ 中库027架A面8列1层28/ [索取号:TP391.13/1] 在馆    
山东省滨州职业学院图书馆 欢迎您!
大连网信软件有限公司© 版权所有